000 00601nam a2200229Ia 4500
003 OSt
005 20220924153339.0
006 a|||||r|||| 00| 0
007 ta
008 220923b |||||||| |||| 00| 0 guj d
024 _a348017
037 _cTextual
040 _aARTS
_cARTS
_bguj
041 _2guj
_aguj
082 _aO156,1J02x, G0
100 _aJoshi Kanti Vishvnath Au.
_9228600
245 0 _aBhutana aasudadddyo
260 _c1930
650 _aGUJRATI LITERATURE
942 _hO156,1J02x, G0
_cTEXL
_2CC
999 _c473254
_d473254